Najmniej zaludnione państwo na każdą literę - Statystyki

Ogólne statystyki
  • Ten quiz został rozwiązany 69 razy
  • Średni wynik to 14 z 24
Statystyki odpowiedzi
Litera Populacja Państwo % Poprawnych
A 85 560 Andora
93%
W 1 000 Watykan
90%
Ł 1 842 226 Łotwa
88%
O 3 764 348 Oman
88%
V 308 043 Vanuatu
81%
N 9 811 Nauru
67%
M 31 400 Monako
66%
F 943 737 Fidżi
64%
P 21 695 Palau
62%
S 34 682 San Marino
62%
T 11 544 Tuvalu
59%
L 39 711 Liechtenstein
57%
H 9 459 440 Honduras
55%
U 3 407 213 Urugwaj
53%
E 1 121 761 Eswatini
48%
D 74 629 Dominika
47%
Z 9 915 803 Zjednoczone Emiraty Arabskie
47%
B 302 674 Barbados
43%
K 114 189 Kiribati
43%
J 2 818 596 Jamajka
41%
I 357 603 Islandia
38%
G 113 949 Grenada
34%
C 604 966 Czarnogóra
33%
R 596 707 Republika Zielonego Przylądka
17%
Nie znaleziono quizów pasujących do podanych kryteriów
Rozkład punktacji
Procent ludzi z każdym wynikiem
Percentyl według liczby udzielonych odpowiedzi
Twoja historia wyników
Nie rozwiązałeś tego quizu